Countries Starting With C in 90 Seconds - Statistics

General Stats
  • This quiz has been taken 148 times
  • The average score is 11 of 16
Answer Stats
country % Correct
Cameroon
83%
Colombia
82%
Cambodia
80%
Canada
80%
Croatia
80%
China
78%
Chile
74%
Chad
73%
Czechia
73%
Comoros
72%
Costa Rica
68%
Cuba
68%
Cabo Verde
58%
Central African Republic
55%
Cyprus
55%
Côte d'Ivoire
42%
No matching quizzes found
Score Distribution
Percent of People with Each Score
Percentile by Number Answered
Your Score History
You have not taken this quiz